Digitálna transformácia vybraného podnikateľského subjektu bakalárska práca

Saved in:
Bibliographic Details
Main Author: Jánoš, Boris
Corporate Author: Fakulta podnikového manažmentu EU. Katedra informačného manažmentu
Other Authors: Bednarčíková, Diana, 1996-
Format: Book
Language:Slovak
Published: Bratislava 2023
Tags: Add Tag
No Tags, Be the first to tag this record!

MARC

LEADER 00000nbm a2200000 4500
001 0293598
005 20240530131208.1
041 0 |a slo 
044 |a SK 
245 1 0 |a Digitálna transformácia vybraného podnikateľského subjektu  |b bakalárska práca  |c Boris Jánoš ; školiteľ: Diana Bednarčíková 
264 1 |a Bratislava  |c 2023 
300 |a 51 s. 
100 1 |a Jánoš, Boris 
700 1 |a Bednarčíková, Diana, 1996- 
710 2 |a Fakulta podnikového manažmentu EU. Katedra informačného manažmentu